00310nam a2200109Ia 4500008004000000082001500040100002000055245005300075260003700128300000800165650002700173210210b1960 xxu||||| |||| 00| 0 eng d a332.1 BELT aBELAGALI (B N). aText book of banking and Indian banking systems. aKolhapurbAjab Pustakalayac1960 a281 aIndian banking systems